Estatísticas para 284 atores internacionais

Clique aqui para jogar o quiz

Estatísticas Gerais

  • Esse quiz foi jogado 388 vezes
    (378 desde o último reset)
  • A pontuação média é 67 de 284

Estatísticas das Respostas

InicialAtor% Correto
BBrad Pitt
75%
LLeonardo DiCaprio
74%
CChris Evans
71%
WWill Smith
68%
AAdam Sandler
66%
DDwayne Johnson
62%
TTom Hanks
62%
CChris Hemsworth
61%
RRobert De Niro
61%
TTom Cruise
60%
TTom Holland
60%
AAl Pacino
59%
RRobert Downey Jr.
59%
SSamuel L. Jackson
57%
DDenzel Washington
56%
JJohnny Depp
56%
VVin Diesel
55%
BBen Affleck
54%
MMorgan Freeman
52%
CChris Pratt
51%
CChristian Bale
51%
JJim Carrey
51%
RRobert Pattinson
50%
AAnthony Hopkins
48%
DDaniel Radcliffe
48%
NNicolas Cage
47%
BBruce Willis
46%
GGeorge Clooney
46%
KKeanu Reeves
46%
MMatt Damon
46%
RRyan Reynolds
45%
SSylvester Stallone
45%
HHugh Jackman
44%
MMark Ruffalo
44%
PPaul Walker
44%
JJohn Travolta
43%
MMarlon Brando
43%
HHarrison Ford
42%
JJack Nicholson
42%
AAntonio Banderas
41%
AArnold Schwarzenegger
41%
BBradley Cooper
41%
EEddie Murphy
41%
JJared Leto
41%
LLiam Hemsworth
41%
MMichael Douglas
41%
BBen Stiller
39%
RRyan Gosling
39%
TTobey Maguire
39%
MMel Gibson
38%
DDaniel Craig
37%
DDaniel Day-Lewis
37%
HHeath Ledger
37%
JJoaquin Phoenix
37%
OOwen Wilson
37%
EEdward Norton
36%
KKevin Spacey
36%
TTom Hardy
36%
BBenedict Cumberbatch
35%
HHenry Cavill
35%
KKevin Costner
35%
SSean Connery
35%
SSean Penn
35%
TTom Hiddleston
35%
AAndrew Garfield
34%
AAshton Kutcher
34%
CClint Eastwood
34%
JJason Statham
34%
RRichard Gere
34%
CCharlie Sheen
33%
JJames Franco
33%
JJason Momoa
33%
LLiam Neeson
33%
MMichael Keaton
33%
PPaul Rudd
33%
ZZac Efron
33%
CChadwick Boseman
32%
JJamie Foxx
32%
AAlec Baldwin
31%
HHugh Grant
31%
IIdris Elba
31%
MMatthew Perry
31%
KKevin Bacon
30%
DDustin Hoffman
29%
KKirk Douglas
29%
MMatthew McConaughey
29%
MMichael J. Fox
29%
OOrlando Bloom
29%
PPatrick Swayze
29%
PPaul Newman
29%
PPierce Brosnan
29%
RRobert Redford
29%
RRussell Crowe
29%
TTommy Lee Jones
29%
CChris Pine
28%
EElijah Wood
28%
GGary Oldman
28%
JJeremy Renner
28%
KKurt Russell
28%
VVal Kilmer
28%
FForest Whitaker
27%
IIan McKellen
27%
JJake Gyllenhaal
27%
JJames McAvoy
27%
JJude Law
27%
MMark Wahlberg
27%
MMichael B. Jordan
27%
BBen Kingsley
26%
EEwan McGregor
26%
JJames Dean
26%
JJeremy Irons
26%
JJosh Brolin
26%
MMichael Fassbender
26%
SSteve Carell
26%
WWillem Dafoe
26%
CColin Firth
25%
DDanny DeVito
25%
JJavier Bardem
25%
MMichael Caine
25%
PPatrick Dempsey
25%
AAdrien Brody
24%
JJustin Timberlake
24%
RRalph Fiennes
24%
WWill Ferrell
24%
BBill Murray
23%
CCasey Affleck
23%
CCharlie Chaplin
23%
EEthan Hawke
23%
GGene Hackman
23%
IIan Somerhalder
23%
MMartin Sheen
23%
NNeil Patrick Harris
23%
JJack Black
22%
MMatthew Broderick
22%
RRobin Williams
22%
CChanning Tatum
21%
CColin Farrell
21%
GGerard Butler
21%
HHenry Fonda
21%
HHugh Laurie
21%
KKevin Hart
21%
LLaurence Fishburne
21%
LLuke Wilson
21%
RRami Malek
21%
TTaylor Lautner
21%
CClive Owen
20%
JJeff Bridges
20%
MMartin Lawrence
20%
RRobert Duvall
20%
RRupert Grint
20%
VVince Vaughn
20%
DDon Cheadle
19%
EEddie Redmayne
19%
RRoger Moore
19%
SSeth Rogen
19%
WWilliam Hurt
19%
AAlan Rickman
18%
CChristian Slater
18%
CClark Gable
18%
CCuba Gooding Jr.
18%
JJohn Krasinski
18%
MMatt LeBlanc
18%
SSteve Martin
18%
WWoody Harrelson
18%
CChristopher Plummer
17%
EEzra Miller
17%
HHumphrey Bogart
17%
JJohn Cusack
17%
PPatrick Stewart
17%
WWoody Allen
17%
BBilly Bob Thornton
16%
LLuke Hemsworth
16%
MMacaulay Culkin
16%
MMark Hamill
16%
SShia LaBeouf
16%
AAdam Brody
15%
AAlec Guinness
15%
CChristoph Waltz
15%
EEmilio Estevez
15%
JJon Voight
15%
LLuke Evans
15%
TTimothy Dalton
15%
AAnthony Mackie
14%
CChristopher Lee
14%
DDave Franco
14%
DDavid Schwimmer
14%
JJames Stewart
14%
JJonah Hill
14%
MMichael Cera
14%
PPeter O'Toole
14%
PPhilip Seymour Hoffman
14%
SSebastian Stan
14%
TTim Robbins
14%
VViggo Mortensen
14%
ZZachary Quinto
14%
AAlan Alda
13%
BBryan Cranston
13%
FFreddie Prinze Jr.
13%
JJesse Eisenberg
13%
JJim Parsons
13%
JJohn Malkovich
13%
KKevin Kline
13%
MMichael Sheen
13%
PPaul Bettany
13%
DDylan O'Brien
12%
GGuy Pearce
12%
JJosh Duhamel
12%
RRalph Macchio
12%
SSacha Baron Cohen
12%
SSean Bean
12%
TTimothée Chalamet
12%
AAaron Eckhart
11%
JJosh Hutcherson
11%
LLeonard Nimoy
11%
MMartin Freeman
11%
OOscar Isaac
11%
RRichard Dreyfuss
11%
VVincent Cassel
11%
AAaron Paul
10%
AAdam Devine
10%
AAlan Arkin
10%
JJason Segel
10%
JJoseph Gordon-Levitt
10%
KKit Harington
10%
SScott Eastwood
10%
ZZach Galifianakis
10%
AArmie Hammer
9%
GGeoffrey Rush
9%
JJames Earl Jones
9%
JJeff Daniels
9%
JJerry Seinfeld
9%
PPeter Dinklage
9%
DDev Patel
8%
LLogan Lerman
8%
MMahershala Ali
8%
MMichael Peña
8%
RRichard Harris
8%
WWilliam Shatner
8%
AAndy Samberg
7%
HHugo Weaving
7%
KKenneth Branagh
7%
NNikolaj Coster-Waldau
7%
RRichard Madden
7%
TTony Curtis
7%
AAsa Butterfield
6%
JJ. K. Simmons
6%
LLiev Schreiber
6%
LLucas Till
6%
RRichard Attenborough
6%
WWill Arnett
6%
BBen McKenzie
5%
CCharlie Hunnam
5%
CCory Monteith
5%
MMark Strong
5%
MMichael Gambon
5%
MMiles Teller
5%
PPaul Wesley
5%
JJohnny Galecki
4%
MMilo Ventimiglia
4%
SSeth MacFarlane
4%
BBill Nighy
3%
BBob Odenkirk
3%
CChace Crawford
3%
DDax Shepard
3%
IIan Holm
3%
JJoe Manganiello
3%
JJosh Radnor
3%
JJoshua Jackson
3%
NNicholas Hoult
3%
RRobert Shaw
3%
SStephen Amell
3%
AAnsel Elgort
2%
JJacob Tremblay
2%
JJames Van Der Beek
2%
TTopher Grace
2%
EEd Westwick
1%
JJohn Cleese
1%
JJohn Lithgow
1%
LLucas Hedges
1%
MMatt Bomer
1%
NNat Wolff
1%
RRoy Scheider
1%
JJim Broadbent
0%
MMandy Patinkin
0%

Distribuição das Pontuações

Percentil de Números Respondidos

Porcentagem de Pessoas com Cada Pontuação

Sua Pontuação Histórica

Você não jogou esse quiz desde o último reset